| 000 | 00584nam a22002297a 4500 | ||
|---|---|---|---|
| 003 | OSt | ||
| 005 | 20140310183116.0 | ||
| 008 | 130129t xxu||||| |||| 00| 0 eng d | ||
| 020 | _a9716856958 | ||
| 050 |
_aLB1050.5 _b.V718 2008 |
||
| 082 |
_aFIL 428.4 _b V71 2008 |
||
| 245 |
_aDevelopmental Reading 1 _cVillanueva, Aida S. |
||
| 260 |
_aManila _bREX Book Store, Inc. _c2009 |
||
| 300 |
_a416 p. _c25 cm. |
||
| 521 | _acollege students | ||
| 526 | _c1210L-1700L | ||
| 541 | _j1 | ||
| 541 | _j2 | ||
| 541 | _j3 | ||
| 562 | _e3 | ||
| 942 |
_2lcc _cBK _kFIL |
||
| 999 |
_c18896 _d18896 |
||